| 000 | 01639nam0a2200337 4500 | ||
|---|---|---|---|
| 001 | RU\NLR\bibl\116622 | ||
| 005 | 20250617094710.0 | ||
| 010 |
_a5-230-09645-4 _9100 |
||
| 035 | _a(NLR Aleph) 000114202 | ||
| 090 |
_a648646 _c648646 |
||
| 100 | _a20001108d2000 |||y0rusy50 ca | ||
| 101 | 0 | _arus | |
| 102 | _aRU | ||
| 105 | _aa ||||||||| | ||
| 200 | 1 |
_aРадиационно-химические превращения в неорганических и органических материалах _eСб. докл. Науч. Чтений, посвящ. 80-летию со дня рождения д.х.н., проф. Михальченко Георгия Андреевича,[19 марта 1999 г.] |
|
| 210 |
_aСПб. _cИзд-во СПбГТИ(ТУ) _d2000 |
||
| 215 |
_a158 с. _cил., портр. _d21 |
||
| 320 | _aБиблиогр. в конце докл. | ||
| 600 | 1 |
_aМихальченко _bГ. А. _f1919-1997 _gГеоргий Андреевич _2psbo |
|
| 606 | 0 |
_aМатериалы _jСъезды, совещания и т.п. _xВлияние ионизирующих излучений _91127834 _3RU\NLR\auth\66128142 |
|
| 686 | _aЖ306.9я431 | ||
| 686 | _aГ553я431 | ||
| 712 | 0 | 2 |
_4570 _aСанкт-Петербургский государственный технологический институт _9697502 _3RU\NLR\AUTH\880518362 |
| 801 | 0 |
_aRU _bNLR _c20001108 _gPSBO |
|
| 801 | 1 |
_aRU _bNLR _c20001108 |
|
| 852 |
_aNLR _j2000-3/12775 |
||
| 942 | _cBOOK | ||
| 980 | _aNB | ||